Countries of Asia with No Map - Statistics

General Stats
  • This quiz has been taken 39 times
    32 since last reset
  • The average score is 43 of 48
Answer Stats
Country % Correct
Afghanistan
95%
Azerbaijan
95%
Cambodia
95%
China
95%
India
95%
Japan
95%
Kuwait
95%
Laos
95%
Mongolia
95%
Myanmar
95%
North Korea
95%
South Korea
95%
Sri Lanka
95%
Tajikistan
95%
Thailand
95%
Turkmenistan
95%
Uzbekistan
95%
Vietnam
95%
Armenia
90%
Bhutan
90%
Brunei
90%
East Timor
90%
Georgia
90%
Indonesia
90%
Jordan
90%
Kazakhstan
90%
Kyrgyzstan
90%
Malaysia
90%
Nepal
90%
Oman
90%
Pakistan
90%
Saudi Arabia
90%
Singapore
90%
Taiwan
90%
United Arab Emirates
90%
Yemen
90%
Bangladesh
86%
Iran
86%
Iraq
86%
Israel
86%
Maldives
86%
Phillippines
86%
Qatar
86%
Syria
86%
Lebanon
81%
Turkey
81%
Bahrain
76%
Cyprus
76%
No matching quizzes found
Score Distribution
Percent of People with Each Score
Percentile by Number Answered
Your Score History
You have not taken this quiz since the last reset